[Event "DVM U14 2022"]
[Site "Kelheim GER"]
[Date "2022.12.28"]
[Round "3"]
[White "Fruth, David"]
[Black "Polzin, Gustav"]
[Result "1-0"]
[Termination "normal"]
[Board "1.1"]
[WhiteElo "1976"]
[BlackElo "1880"]
[WhiteClock "00:53:13"]
[BlackClock "00:22:25"]
[WhiteTeam "USV TU Dresden"]
[BlackTeam "USV Halle"]
[PlyCount "51"]
[WhiteFideId "16257596"]
[BlackFideId "34603280"]
[EventCountry "GER"]
[EventRounds "7"]
[EventType "team-swiss"]
[EventDate "2022.12.26"]

1. e4 {[%clk 01:30:40]} {[%emt 00:00:20]} d6 {[%clk 01:29:14]} {[%emt
00:01:46]} 2. d4 {[%clk 01:30:57]} {[%emt 00:00:14]} Nf6 {[%clk 01:29:19]}
{[%emt 00:00:24]} 3. Nc3 {[%clk 01:31:21]} {[%emt 00:00:06]} g6 {[%clk
01:29:21]} {[%emt 00:00:27]} 4. Bc4 {[%clk 01:31:43]} {[%emt 00:00:08]} Bg7
{[%clk 01:29:07]} {[%emt 00:00:45]} 5. Qe2 {[%clk 01:31:55]} {[%emt 00:00:18]}
O-O {[%clk 01:29:07]} {[%emt 00:00:30]} 6. e5 {[%clk 01:31:34]} {[%emt
00:00:50]} Ne8 {[%clk 01:24:38]} {[%emt 00:04:59]} 7. e6 {[%clk 01:28:19]}
{[%emt 00:03:45]} Bxe6 {[%clk 01:23:34]} {[%emt 00:01:34]} 8. Bxe6 {[%clk
01:28:32]} {[%emt 00:00:18]} fxe6 {[%clk 01:23:53]} {[%emt 00:00:11]} 9. Qxe6
{[%clk 01:27:43]} {[%emt 00:01:18]} Kh8 {[%clk 01:23:29]} {[%emt 00:00:54]} 10.
Nf3 {[%clk 01:27:42]} {[%emt 00:00:31]} Nc6 {[%clk 01:12:24]} {[%emt 00:11:35]}
11. Be3 {[%clk 01:27:05]} {[%emt 00:01:06]} Bf6 {[%clk 00:59:14]} {[%emt
00:13:40]} 12. O-O-O {[%clk 01:26:05]} {[%emt 00:01:31]} Ng7 {[%clk 00:59:27]}
{[%emt 00:00:17]} 13. Qe4 {[%clk 01:26:10]} {[%emt 00:00:25]} Qd7 {[%clk
00:53:28]} {[%emt 00:06:29]} 14. g4 {[%clk 01:24:18]} {[%emt 00:02:21]} e6
{[%clk 00:51:22]} {[%emt 00:02:36]} 15. h4 {[%clk 01:21:53]} {[%emt 00:02:55]}
d5 {[%clk 00:50:20]} {[%emt 00:01:32]} 16. Qd3 {[%clk 01:21:27]} {[%emt
00:00:56]} Be7 {[%clk 00:49:36]} {[%emt 00:01:13]} 17. Bh6 {[%clk 01:20:53]}
{[%emt 00:01:05]} Qe8 {[%clk 00:42:38]} {[%emt 00:07:28]} 18. h5 {[%clk
01:18:28]} {[%emt 00:02:55]} Kg8 {[%clk 00:40:25]} {[%emt 00:02:42]} 19. Rh3
{[%clk 01:16:28]} {[%emt 00:02:30]} Qf7 {[%clk 00:39:02]} {[%emt 00:01:53]} 20.
hxg6 {[%clk 01:11:55]} {[%emt 00:05:03]} Qxg6 {[%clk 00:38:15]} {[%emt
00:01:17]} 21. Qxg6 {[%clk 01:07:16]} {[%emt 00:05:09]} hxg6 {[%clk 00:38:33]}
{[%emt 00:00:12]} 22. Rdh1 {[%clk 01:07:32]} {[%emt 00:00:13]} Bd6 {[%clk
00:34:16]} {[%emt 00:04:47]} 23. Kb1 {[%clk 01:02:11]} {[%emt 00:05:50]} Ne7
{[%clk 00:27:04]} {[%emt 00:07:42]} 24. Ng5 {[%clk 00:58:15]} {[%emt 00:04:26]}
Rfe8 {[%clk 00:22:09]} {[%emt 00:05:26]} 25. Bxg7 {[%clk 00:52:55]} {[%emt
00:05:50]} Kxg7 {[%clk 00:22:25]} {[%emt 00:00:14]} 26. Rh7 {[%clk 00:53:13]}
{[%emt 00:00:12]} 1-0

[Event "DVM U14 2022"]
[Site "Kelheim GER"]
[Date "2022.12.28"]
[Round "3"]
[White "Patzschke, Carlo"]
[Black "Espig, Nils"]
[Result "1/2-1/2"]
[Termination "normal"]
[Board "1.2"]
[WhiteElo "1600"]
[BlackElo "1608"]
[WhiteClock "00:05:17"]
[BlackClock "00:01:00"]
[WhiteTeam "USV Halle"]
[BlackTeam "USV TU Dresden"]
[PlyCount "102"]
[WhiteFideId "34617973"]
[BlackFideId "16236980"]
[EventCountry "GER"]
[EventRounds "7"]
[EventType "team-swiss"]
[EventDate "2022.12.26"]

1. c4 {[%clk 01:30:57]} {[%emt 00:00:02]} Nf6 {[%clk 01:30:50]} {[%emt
00:00:10]} 2. g3 {[%clk 01:31:20]} {[%emt 00:00:07]} e5 {[%clk 01:31:09]}
{[%emt 00:00:10]} 3. Bg2 {[%clk 01:31:42]} {[%emt 00:00:08]} d5 {[%clk
01:31:01]} {[%emt 00:00:39]} 4. cxd5 {[%clk 01:30:33]} {[%emt 00:01:39]} Nxd5
{[%clk 01:31:15]} {[%emt 00:00:15]} 5. Nc3 {[%clk 01:30:30]} {[%emt 00:00:34]}
Nb6 {[%clk 01:30:12]} {[%emt 00:01:33]} 6. d3 {[%clk 01:29:31]} {[%emt
00:01:30]} Be7 {[%clk 01:27:41]} {[%emt 00:03:01]} 7. Nf3 {[%clk 01:28:42]}
{[%emt 00:01:19]} Nc6 {[%clk 01:27:23]} {[%emt 00:00:48]} 8. O-O {[%clk
01:28:45]} {[%emt 00:00:27]} O-O {[%clk 01:27:08]} {[%emt 00:00:45]} 9. b3
{[%clk 01:18:09]} {[%emt 00:11:07]} Be6 {[%clk 01:25:05]} {[%emt 00:02:32]} 10.
Bb2 {[%clk 01:17:40]} {[%emt 00:00:59]} a6 {[%clk 01:21:44]} {[%emt 00:03:52]}
11. Rc1 {[%clk 01:15:52]} {[%emt 00:02:17]} Qd7 {[%clk 01:19:43]} {[%emt
00:02:32]} 12. Ne4 {[%clk 01:10:19]} {[%emt 00:06:03]} f6 {[%clk 01:18:11]}
{[%emt 00:02:02]} 13. Qc2 {[%clk 01:02:16]} {[%emt 00:08:33]} Rac8 {[%clk
01:16:39]} {[%emt 00:02:02]} 14. Nc5 {[%clk 01:02:08]} {[%emt 00:00:38]} Bxc5
{[%clk 01:16:39]} {[%emt 00:00:30]} 15. Qxc5 {[%clk 01:02:30]} {[%emt
00:00:08]} Nd5 {[%clk 01:13:24]} {[%emt 00:03:46]} 16. a3 {[%clk 00:55:36]}
{[%emt 00:07:24]} Rfd8 {[%clk 01:08:49]} {[%emt 00:05:04]} 17. Rfd1 {[%clk
00:53:10]} {[%emt 00:02:56]} Nb6 {[%clk 01:01:51]} {[%emt 00:07:28]} 18. Nd2
{[%clk 00:49:45]} {[%emt 00:03:55]} Bd5 {[%clk 00:54:14]} {[%emt 00:08:07]} 19.
e4 {[%clk 00:39:57]} {[%emt 00:10:18]} Be6 {[%clk 00:49:57]} {[%emt 00:04:48]}
20. Bf1 {[%clk 00:35:34]} {[%emt 00:04:53]} Qf7 {[%clk 00:41:47]} {[%emt
00:08:39]} 21. Nc4 {[%clk 00:23:04]} {[%emt 00:13:00]} Nd7 {[%clk 00:34:08]}
{[%emt 00:08:09]} 22. Qe3 {[%clk 00:23:18]} {[%emt 00:00:16]} b5 {[%clk
00:28:29]} {[%emt 00:06:11]} 23. Nd2 {[%clk 00:22:04]} {[%emt 00:01:44]} Bxb3
{[%clk 00:24:26]} {[%emt 00:04:32]} 24. Rxc6 {[%clk 00:19:26]} {[%emt
00:03:09]} Bxd1 {[%clk 00:24:16]} {[%emt 00:00:39]} 25. Bh3 {[%clk 00:19:35]}
{[%emt 00:00:21]} Kh8 {[%clk 00:23:06]} {[%emt 00:01:41]} 26. Be6 {[%clk
00:19:16]} {[%emt 00:00:49]} Qe8 {[%clk 00:21:05]} {[%emt 00:02:31]} 27. Rxa6
{[%clk 00:18:14]} {[%emt 00:01:33]} c6 {[%clk 00:20:04]} {[%emt 00:01:31]} 28.
Ba2 {[%clk 00:17:12]} {[%emt 00:01:31]} Rc7 {[%clk 00:18:52]} {[%emt 00:01:41]}
29. f3 {[%clk 00:14:58]} {[%emt 00:02:44]} Ra8 {[%clk 00:17:32]} {[%emt
00:01:50]} 30. Rxa8 {[%clk 00:15:16]} {[%emt 00:00:13]} Qxa8 {[%clk 00:18:00]}
{[%emt 00:00:03]} 31. Qe1 {[%clk 00:15:21]} {[%emt 00:00:24]} Bc2 {[%clk
00:17:45]} {[%emt 00:00:45]} 32. Qc1 {[%clk 00:13:30]} {[%emt 00:02:21]} Bxd3
{[%clk 00:16:36]} {[%emt 00:01:39]} 33. Qc3 {[%clk 00:13:26]} {[%emt 00:00:34]}
Qa7 {[%clk 00:15:40]} {[%emt 00:01:26]} 34. Kg2 {[%clk 00:13:49]} {[%emt
00:00:07]} Nc5 {[%clk 00:14:55]} {[%emt 00:01:16]} 35. Qb4 {[%clk 00:12:19]}
{[%emt 00:02:00]} Rc8 {[%clk 00:14:43]} {[%emt 00:00:42]} 36. f4 {[%clk
00:10:40]} {[%emt 00:02:08]} exf4 {[%clk 00:13:54]} {[%emt 00:01:20]} 37. Bd4
{[%clk 00:10:22]} {[%emt 00:00:48]} Na6 {[%clk 00:10:30]} {[%emt 00:03:54]} 38.
Qd6 {[%clk 00:08:31]} {[%emt 00:02:20]} Qc7 {[%clk 00:08:16]} {[%emt 00:02:44]}
39. Qe6 {[%clk 00:06:53]} {[%emt 00:02:08]} Rd8 {[%clk 00:04:34]} {[%emt
00:04:12]} 40. Bxf6 {[%clk 00:06:14]} {[%emt 00:01:10]} Rf8 {[%clk 00:01:49]}
{[%emt 00:03:15]} 41. Be5 {[%clk 00:05:18]} {[%emt 00:01:26]} Qd8 {[%clk
00:23:16]} {[%emt 00:09:02]} 42. Qxc6 {[%clk 00:28:19]} {[%emt 00:07:29]} Nb8
{[%clk 00:17:46]} {[%emt 00:06:01]} 43. Qc3 {[%clk 00:25:28]} {[%emt 00:03:21]}
f3 {[%clk 00:12:05]} {[%emt 00:06:11]} 44. Nxf3 {[%clk 00:17:41]} {[%emt
00:08:16]} Qd7 {[%clk 00:10:15]} {[%emt 00:02:20]} 45. Bd5 {[%clk 00:13:40]}
{[%emt 00:04:30]} Be2 {[%clk 00:09:47]} {[%emt 00:00:58]} 46. Nh4 {[%clk
00:13:26]} {[%emt 00:00:44]} Bf1 {[%clk 00:08:22]} {[%emt 00:01:55]} 47. Kg1
{[%clk 00:12:28]} {[%emt 00:01:28]} Bh3 {[%clk 00:07:54]} {[%emt 00:00:58]} 48.
Ng2 {[%clk 00:12:15]} {[%emt 00:00:43]} Qg4 {[%clk 00:07:37]} {[%emt 00:00:47]}
49. Nf4 {[%clk 00:06:29]} {[%emt 00:06:17]} Rc8 {[%clk 00:06:50]} {[%emt
00:01:17]} 50. Qa1 {[%clk 00:06:12]} {[%emt 00:00:46]} Nd7 {[%clk 00:02:38]}
{[%emt 00:04:42]} 51. Be6 {[%clk 00:05:17]} {[%emt 00:01:24]} Qxe6 {[%clk
00:01:00]} {[%emt 00:02:08]} 1/2-1/2

[Event "DVM U14 2022"]
[Site "Kelheim GER"]
[Date "2022.12.28"]
[Round "3"]
[White "Sato, Kai"]
[Black "Knüpfer, Johannes"]
[Result "1/2-1/2"]
[Termination "normal"]
[Board "1.3"]
[WhiteElo "1432"]
[BlackElo "1242"]
[WhiteClock "00:13:08"]
[BlackClock "00:10:38"]
[WhiteTeam "USV TU Dresden"]
[BlackTeam "USV Halle"]
[PlyCount "135"]
[WhiteFideId "34605630"]
[BlackFideId "34605967"]
[EventCountry "GER"]
[EventRounds "7"]
[EventType "team-swiss"]
[EventDate "2022.12.26"]

1. e4 {[%clk 01:31:00]} e5 {[%clk 01:30:53]} {[%emt 00:00:08]} 2. Nf3 {[%clk
01:31:26]} {[%emt 00:00:03]} Nc6 {[%clk 01:31:17]} {[%emt 00:00:06]} 3. Bc4
{[%clk 01:31:53]} {[%emt 00:00:04]} Bc5 {[%clk 01:31:38]} {[%emt 00:00:09]} 4.
c3 {[%clk 01:32:16]} {[%emt 00:00:07]} Nf6 {[%clk 01:32:01]} {[%emt 00:00:07]}
5. d3 {[%clk 01:32:42]} {[%emt 00:00:04]} d6 {[%clk 01:32:18]} {[%emt
00:00:13]} 6. O-O {[%clk 01:33:02]} {[%emt 00:00:10]} a6 {[%clk 01:32:28]}
{[%emt 00:00:20]} 7. a4 {[%clk 01:33:24]} {[%emt 00:00:08]} O-O {[%clk
01:32:22]} {[%emt 00:00:36]} 8. h3 {[%clk 01:33:37]} {[%emt 00:00:18]} Be6
{[%clk 01:32:09]} {[%emt 00:00:42]} 9. Bxe6 {[%clk 01:33:14]} {[%emt 00:00:54]}
fxe6 {[%clk 01:32:33]} {[%emt 00:00:06]} 10. b4 {[%clk 01:33:33]} {[%emt
00:00:11]} Ba7 {[%clk 01:32:07]} {[%emt 00:00:55]} 11. Bb2 {[%clk 01:26:48]}
{[%emt 00:07:14]} Nh5 {[%clk 01:25:46]} {[%emt 00:06:50]} 12. b5 {[%clk
01:21:41]} {[%emt 00:05:38]} Nb8 {[%clk 01:20:45]} {[%emt 00:05:31]} 13. d4
{[%clk 01:17:30]} {[%emt 00:04:41]} exd4 {[%clk 01:17:46]} {[%emt 00:03:29]}
14. cxd4 {[%clk 01:11:33]} {[%emt 00:06:28]} Nd7 {[%clk 01:14:54]} {[%emt
00:03:22]} 15. Nbd2 {[%clk 01:05:37]} {[%emt 00:06:26]} Nf4 {[%clk 01:06:43]}
{[%emt 00:08:41]} 16. e5 {[%clk 00:56:03]} {[%emt 00:10:04]} dxe5 {[%clk
00:56:16]} {[%emt 00:10:57]} 17. dxe5 {[%clk 00:54:55]} {[%emt 00:01:38]} Qe7
{[%clk 00:49:39]} {[%emt 00:07:07]} 18. Ne4 {[%clk 00:45:55]} {[%emt 00:09:30]}
axb5 {[%clk 00:46:19]} {[%emt 00:03:50]} 19. axb5 {[%clk 00:43:17]} {[%emt
00:03:08]} Bb6 {[%clk 00:44:53]} {[%emt 00:01:55]} 20. Kh2 {[%clk 00:38:15]}
{[%emt 00:05:32]} Nc5 {[%clk 00:35:02]} {[%emt 00:10:21]} 21. Qc2 {[%clk
00:35:40]} {[%emt 00:03:05]} Ncd3 {[%clk 00:24:08]} {[%emt 00:11:24]} 22. Bc3
{[%clk 00:28:47]} {[%emt 00:07:23]} Rad8 {[%clk 00:19:32]} {[%emt 00:05:06]}
23. Rad1 {[%clk 00:24:58]} {[%emt 00:04:19]} Qe8 {[%clk 00:16:41]} {[%emt
00:03:21]} 24. Qb3 {[%clk 00:21:09]} {[%emt 00:04:19]} Qg6 {[%clk 00:13:50]}
{[%emt 00:03:21]} 25. Ng3 {[%clk 00:17:55]} {[%emt 00:03:43]} Bxf2 {[%clk
00:13:44]} {[%emt 00:00:36]} 26. Rxf2 {[%clk 00:17:04]} {[%emt 00:01:21]} Nxf2
{[%clk 00:14:07]} {[%emt 00:00:08]} 27. Rxd8 {[%clk 00:14:52]} {[%emt
00:02:43]} Rxd8 {[%clk 00:14:29]} {[%emt 00:00:07]} 28. Qc4 {[%clk 00:14:46]}
{[%emt 00:00:35]} Qf7 {[%clk 00:11:23]} {[%emt 00:03:35]} 29. Ng5 {[%clk
00:14:33]} {[%emt 00:00:44]} Qe7 {[%clk 00:07:56]} {[%emt 00:03:58]} 30. Qxf4
{[%clk 00:14:18]} {[%emt 00:00:44]} Nd3 {[%clk 00:07:42]} {[%emt 00:00:44]} 31.
Qg4 {[%clk 00:12:27]} {[%emt 00:02:21]} Re8 {[%clk 00:06:18]} {[%emt 00:01:55]}
32. Qe4 {[%clk 00:11:48]} {[%emt 00:01:08]} Qxg5 {[%emt 00:00:36]} 33. Qxd3
{[%clk 00:12:12]} {[%emt 00:00:04]} Rd8 {[%clk 00:05:39]} {[%emt 00:01:05]} 34.
Qc4 {[%clk 00:10:42]} {[%emt 00:01:59]} Qe7 {[%clk 00:05:45]} {[%emt 00:00:24]}
35. Qg4 {[%clk 00:10:12]} {[%emt 00:00:59]} Rd5 {[%clk 00:04:28]} {[%emt
00:01:49]} 36. Bb4 {[%clk 00:09:51]} {[%emt 00:00:51]} Qf7 {[%clk 00:04:16]}
{[%emt 00:00:41]} 37. Bc3 {[%clk 00:08:46]} {[%emt 00:01:35]} Rxb5 {[%clk
00:04:08]} {[%emt 00:00:38]} 38. Qa4 {[%clk 00:08:40]} {[%emt 00:00:36]} c6
{[%clk 00:03:53]} {[%emt 00:00:45]} 39. Qa8 {[%clk 00:08:38]} {[%emt 00:00:32]}
Qf8 {[%clk 00:04:18]} {[%emt 00:00:05]} 40. Qa2 {[%clk 00:08:28]} {[%emt
00:00:39]} Qe7 {[%clk 00:04:01]} {[%emt 00:00:46]} 41. Nf5 {[%clk 00:08:12]}
{[%emt 00:00:46]} Qd7 {[%clk 00:01:19]} {[%emt 00:03:12]} 42. Qa8 {[%clk
00:07:38]} {[%emt 00:01:05]} Kf7 {[%clk 00:01:41]} {[%emt 00:00:08]} 43. Nd6
{[%clk 00:07:51]} {[%emt 00:00:17]} Kg6 {[%clk 00:01:51]} {[%emt 00:00:20]} 44.
Nxb5 {[%clk 00:07:43]} {[%emt 00:00:39]} cxb5 {[%clk 00:02:15]} {[%emt
00:00:05]} 45. Qa2 {[%clk 00:07:30]} {[%emt 00:00:42]} Kf7 {[%clk 00:00:58]}
{[%emt 00:01:48]} 46. Qe2 {[%clk 00:04:26]} {[%emt 00:03:34]} Kg8 {[%clk
00:29:59]} {[%emt 00:01:29]} 47. Bb4 {[%clk 00:33:34]} {[%emt 00:01:22]} Qc6
{[%clk 00:23:46]} {[%emt 00:06:42]} 48. Bd6 {[%clk 00:32:41]} {[%emt 00:01:24]}
Qd7 {[%clk 00:22:09]} {[%emt 00:02:07]} 49. Qa2 {[%clk 00:31:25]} {[%emt
00:01:46]} Qc8 {[%clk 00:19:34]} {[%emt 00:03:06]} 50. Qa5 {[%clk 00:31:16]}
{[%emt 00:00:39]} Qd7 {[%clk 00:18:11]} {[%emt 00:01:52]} 51. Qa8 {[%clk
00:30:12]} {[%emt 00:01:34]} Kf7 {[%clk 00:18:35]} {[%emt 00:00:05]} 52. Qf8
{[%clk 00:30:38]} {[%emt 00:00:04]} Kg6 {[%clk 00:19:00]} {[%emt 00:00:05]} 53.
Qf4 {[%clk 00:29:23]} {[%emt 00:01:45]} h6 {[%clk 00:17:57]} {[%emt 00:01:33]}
54. g4 {[%clk 00:28:58]} {[%emt 00:00:56]} Qc6 {[%clk 00:17:03]} {[%emt
00:01:24]} 55. Qe3 {[%clk 00:25:43]} {[%emt 00:03:44]} Qc2 {[%clk 00:15:38]}
{[%emt 00:01:55]} 56. Kg3 {[%clk 00:26:01]} {[%emt 00:00:12]} Qb1 {[%clk
00:15:01]} {[%emt 00:01:08]} 57. h4 {[%clk 00:25:12]} {[%emt 00:01:19]} Kh7
{[%clk 00:15:09]} {[%emt 00:00:22]} 58. Kf3 {[%clk 00:19:05]} {[%emt 00:06:38]}
Qd1 {[%clk 00:13:38]} {[%emt 00:02:00]} 59. Qe2 {[%clk 00:17:46]} {[%emt
00:01:49]} Qh1 {[%clk 00:13:38]} {[%emt 00:00:29]} 60. Qg2 {[%clk 00:18:00]}
{[%emt 00:00:16]} Qd1 {[%clk 00:13:35]} {[%emt 00:00:34]} 61. Kf4 {[%clk
00:17:35]} {[%emt 00:00:55]} Qc1 {[%clk 00:12:45]} {[%emt 00:01:20]} 62. Kg3
{[%clk 00:16:18]} {[%emt 00:01:47]} Qc3 {[%clk 00:12:31]} {[%emt 00:00:43]} 63.
Kh2 {[%clk 00:15:45]} {[%emt 00:01:03]} Qd3 {[%clk 00:10:09]} {[%emt 00:02:52]}
64. Qxb7 {[%clk 00:15:18]} {[%emt 00:00:58]} Qd2 {[%clk 00:09:49]} {[%emt
00:00:50]} 65. Qg2 {[%clk 00:15:07]} {[%emt 00:00:41]} Qf4 {[%clk 00:09:58]}
{[%emt 00:00:21]} 66. Kh3 {[%clk 00:15:12]} {[%emt 00:00:25]} Qe3 {[%clk
00:10:16]} {[%emt 00:00:11]} 67. Qg3 {[%clk 00:15:21]} {[%emt 00:00:21]} Qe4
{[%clk 00:10:38]} {[%emt 00:00:08]} 68. Qf2 {[%clk 00:13:08]} {[%emt 00:02:41]}
1/2-1/2

[Event "DVM U14 2022"]
[Site "Kelheim GER"]
[Date "2022.12.28"]
[Round "3"]
[White "Haase, Alexander"]
[Black "Eichner, Tim"]
[Result "1-0"]
[Termination "normal"]
[Board "1.4"]
[WhiteElo "1432"]
[BlackElo "1551"]
[WhiteClock "00:24:03"]
[BlackClock "00:20:59"]
[WhiteTeam "USV Halle"]
[BlackTeam "USV TU Dresden"]
[PlyCount "52"]
[WhiteFideId "34606602"]
[BlackFideId "34617213"]
[EventCountry "GER"]
[EventRounds "7"]
[EventType "team-swiss"]
[EventDate "2022.12.26"]

1. e4 {[%clk 01:30:58]} {[%emt 00:00:01]} e5 {[%clk 01:30:57]} {[%emt
00:00:04]} 2. Nf3 {[%clk 01:31:19]} {[%emt 00:00:08]} Nc6 {[%clk 01:31:10]}
{[%emt 00:00:17]} 3. Bb5 {[%clk 01:31:33]} {[%emt 00:00:16]} a6 {[%clk
01:31:25]} {[%emt 00:00:15]} 4. Ba4 {[%clk 01:31:43]} {[%emt 00:00:20]} Nf6
{[%clk 01:30:40]} {[%emt 00:01:15]} 5. O-O {[%clk 01:28:46]} {[%emt 00:03:28]}
b5 {[%clk 01:30:12]} {[%emt 00:00:58]} 6. Bb3 {[%clk 01:29:03]} {[%emt
00:00:12]} Bc5 {[%clk 01:29:21]} {[%emt 00:01:20]} 7. Nxe5 {[%clk 01:23:23]}
{[%emt 00:06:11]} O-O {[%clk 01:23:33]} {[%emt 00:06:19]} 8. Nxc6 {[%clk
01:19:47]} {[%emt 00:04:06]} dxc6 {[%clk 01:22:23]} {[%emt 00:01:39]} 9. d3
{[%clk 01:19:05]} {[%emt 00:01:12]} Bg4 {[%clk 01:18:22]} {[%emt 00:04:31]} 10.
Qe1 {[%clk 01:18:00]} {[%emt 00:01:35]} Re8 {[%clk 01:12:41]} {[%emt 00:06:11]}
11. h3 {[%clk 01:15:18]} {[%emt 00:03:12]} Qd6 {[%clk 01:01:43]} {[%emt
00:11:29]} 12. Be3 {[%clk 01:11:09]} {[%emt 00:04:39]} Be6 {[%clk 00:55:45]}
{[%emt 00:06:27]} 13. f4 {[%clk 01:06:09]} {[%emt 00:05:30]} Bxb3 {[%clk
00:49:44]} {[%emt 00:06:31]} 14. axb3 {[%clk 01:05:46]} {[%emt 00:00:53]} Nxe4
{[%clk 00:49:47]} {[%emt 00:00:27]} 15. dxe4 {[%clk 01:01:46]} {[%emt
00:04:29]} Rxe4 {[%clk 00:48:12]} {[%emt 00:02:07]} 16. Bxc5 {[%clk 00:57:08]}
{[%emt 00:05:08]} Qxc5 {[%clk 00:42:40]} {[%emt 00:06:02]} 17. Qf2 {[%clk
00:57:30]} {[%emt 00:00:08]} Qe7 {[%clk 00:38:06]} {[%emt 00:05:05]} 18. Nc3
{[%clk 00:53:37]} {[%emt 00:04:23]} Re6 {[%clk 00:35:10]} {[%emt 00:03:25]} 19.
f5 {[%clk 00:42:51]} {[%emt 00:11:17]} Rf6 {[%clk 00:33:06]} {[%emt 00:02:34]}
20. Rae1 {[%clk 00:41:00]} {[%emt 00:02:21]} Qd7 {[%clk 00:30:31]} {[%emt
00:03:05]} 21. Ne4 {[%clk 00:38:48]} {[%emt 00:02:42]} Rh6 {[%clk 00:28:10]}
{[%emt 00:02:49]} 22. f6 {[%clk 00:35:50]} {[%emt 00:03:29]} g6 {[%clk
00:25:58]} {[%emt 00:02:43]} 23. Qf4 {[%clk 00:32:49]} {[%emt 00:03:31]} Rh5
{[%clk 00:25:30]} {[%emt 00:00:57]} 24. Ng3 {[%clk 00:30:01]} {[%emt 00:03:19]}
g5 {[%clk 00:23:26]} {[%emt 00:02:34]} 25. Qe5 {[%clk 00:26:32]} {[%emt
00:03:58]} Rh6 {[%clk 00:21:26]} {[%emt 00:02:30]} 26. Nf5 {[%clk 00:24:03]}
{[%emt 00:02:59]} Rh5 {[%clk 00:20:59]} {[%emt 00:00:56]} 1-0